Statistics for States with the Most Prominent Summits

Click here to take the quiz!

General Stats

  • This quiz has been taken 139 times
    (88 since last reset)
  • The average score is 13 of 14

Answer Stats

SummitsState% Correct
16California
99%
12Montana
99%
8Colorado
97%
21Washington
97%
4Idaho
96%
84Alaska
95%
7Oregon
95%
10Arizona
93%
3New Mexico
93%
24Nevada
91%
16Utah
91%
4Wyoming
87%
7Hawaii
79%
2North Carolina
46%

Score Distribution

Percentile by Number Answered

Percent of People with Each Score

Your Score History

You have not taken this quiz since the last reset